| 000 | 00486nam a22001817a 4500 | ||
|---|---|---|---|
| 003 | NUST - PNEC | ||
| 005 | 20170116181115.0 | ||
| 008 | 150313b xxu||||| |||| 00| 0 eng d | ||
| 020 | _a812192197X | ||
| 040 | _cLIBRARY | ||
| 082 | _a425 WRE | ||
| 100 |
_913138 _aWren,P.C. |
||
| 245 |
_aHigh School English Grammar and Composition _cP.C.Wren |
||
| 260 |
_aNew Delhi _bS.Chand & Company _cc.2007 |
||
| 300 | _a376 p. : | ||
| 650 |
_91814 _aEnglish Grammar _xGeneral |
||
| 942 |
_2ddc _cBK |
||
| 999 |
_c69281 _d69281 |
||